U.S. or U.K.? II Quiz Stats

 Plays Quiz Updated Nov 5, 2015

Also try: U.S. or U.K.?
Challenge
Share
Tweet
Score 0/20 Timer 05:00
9 Plays Today
% Correct
U.K. (Hadrian's Wall - Greenhead Lough)
92.9%
U.S. (Hoover Dam - Arizona/Nevada)
91.5%
U.K. (Gherkin Building- London)
89.1%
U.K. (London Underground - London)
87.8%
U.K. (Giant's Causeway - County Antrim)
86.6%
U.S. (AT&T Stadium - Arlington)
86.5%
U.K. (St. Paul's Cathedral - London)
86.2%
U.K. (Tower of London - London)
86%
U.S. (Grand Central Station - New York)
81.1%
U.S. (NASA - Cape Canaveral)
81%
% Correct
U.S. (Independence Hall - Philadelphia)
80.5%
U.S. (Longaberger Building - Newark, OH)
79.7%
U.S. (Monticello - Charlottesville)
74.2%
U.K. (Millennium Stadium - Cardiff)
70.1%
U.S. (Alamo- San Antonio)
69.6%
U.K. (Angel of the North- Gateshead)
67.8%
U.K. (Yellow Submarine - Liverpool)
60.7%
U.K. (Spinnaker Tower - Portsmouth)
59%
U.S. (Cinderella Castle - Orlando)
45.1%
U.S. (London Bridge - Lake Havasu City)
44.8%

You're not logged in!

Compare scores with friends on all Sporcle quizzes.
Join for Free
OR
Log In

You Might Also Like...

Show Comments

Extras

Top Quizzes Today


Score Distribution

Your Account Isn't Verified!

In order to create a playlist on Sporcle, you need to verify the email address you used during registration. Go to your Sporcle Settings to finish the process.

Report this User

Report this user for behavior that violates our Community Guidelines.

Details: